[Event "Steyr Landesliga 1718"]
[Site "Austria"]
[Date "2018.03.24"]
[Round "10.4"]
[White "Aschenbrenner, Robert"]
[Black "Neumaier, Andreas"]
[Result "1-0"]
[WhiteElo "2203"]
[BlackElo "1995"]
[PlyCount "51"]
[EventDate "2017.09.30"]
[EventType "team-tourn"]
[EventRounds "11"]
[EventCountry "AUT"]
[SourceTitle "EXT 2021"]
[Source "ChessBase"]
[SourceDate "2020.10.23"]
[SourceVersion "1"]
[SourceVersionDate "2020.10.23"]
[SourceQuality "1"]
[WhiteTeam "Graz Austria"]
[BlackTeam "Graz Schachfreunde II"]
[WhiteTeamCountry "AUT"]
[BlackTeamCountry "AUT"]

1. e4 c5 2. Nf3 e6 3. b3 Nc6 4. Bb2 d6 5. Bb5 Bd7 6. 0-0 Nf6 7. Re1 Be7 8. c3 a6 9. Bf1 e5 10. d4 Qc7 11. Nbd2 0-0 12. Rc1 b5 13. Bd3 g6 14. Nf1 Nh5 15. Ne3 Qb8 16. Nd5 Re8 17. Bf1 Ra7 18. Nxe7+ Nxe7 19. dxe5 dxe5 20. c4 f6 21. cxb5 Bxb5 22. Rxc5 Rd8 23. Qc2 Nf4 24. Nxe5 Ne6 25. Bc4 Qb6 26. Ng4 1-0